| 000 | 005090000a22001690004500 | ||
|---|---|---|---|
| 041 | 0 | _aSPA | |
| 082 | 0 | 4 | _aG 266.023 C747c |
| 110 | 1 | _aConcilio Nacional Evangélico del Perú | |
| 245 | 1 | 0 | _aConsulta nacional sobre la misión / Concilio Nacional Evangélico del Perú |
| 260 | _aLima, Perú : Concilio Nacional Evangélico del Perú | ||
| 300 | _a279 Pag | ||
| 001 | 7640 | ||
| 942 | _cBK | ||
| 999 |
_c37846 _d37846 |
||
| 336 |
_atexto _btxt _2rdacontent |
||
| 337 |
_2rdamedia _asin mediación _bn |
||
| 338 |
_2rdacarrier _avolumen _bnc |
||